000 00514nam a2200181Ia 4500
008 090123s9999 xx 000 0 und d
082 _b13569
_a891.463/देसाई
100 _aदेसाई नयनतारा
245 _aमळभ
250 _a1
260 _bउत्कर्ष प्रकाशन
300 _a183
600 _aदेसाई नयनतारा
630 _aमळभ
700 _aदेसाई नयनतारा
730 _aमळभ
942 _cBOOK
999 _c51632
_d51632